| 000 | 01049nam a22002417a 4500 | ||
|---|---|---|---|
| 999 |
_c12921 _d12921 |
||
| 003 | AR-CdUCM | ||
| 008 | 190410b ||||| |||| 00| 0 spa d | ||
| 040 |
_aMUNICIPALIDAD PROVINCIAL DEL CUSCO _cBIBLIOTECA MUNICIPAL DEL CUSCO |
||
| 082 |
_a711.40 / _bV732 |
||
| 100 |
_aVillegas Ormachea, Américo _931050 |
||
| 245 |
_aCentro histórico del Cusco : _bRehabilitación urbana y vivienda / |
||
| 260 |
_aCusco : _bUniversidad Nacional de San Antonio Abad del Cusco, _c1990. |
||
| 300 |
_a182 páginas ; _bGraficos, imagenes, mapas, mapas plegables, _c25 cm. |
||
| 505 | _aContenido: Marco conceptual y criterios de base -- El desarrollo regional, la ciudad y el centro histórico del Cusco -- Los aspectos urbanos-diagnostico situacional ... | ||
| 650 |
_aRehabilitación urbana _931051 |
||
| 650 |
_aPerú-Cusco _95400 |
||
| 650 |
_aPatrimonio cultural _93805 |
||
| 650 |
_aProtección _931052 |
||
| 650 |
_aConservación y restauración _913242 |
||
| 700 |
_aEstrada Iberico, Enrique _931053 |
||
| 942 |
_2ddc _cLIBROS |
||
| 945 |
_acmm _d2019-04-10 |
||